000 00599nam a2200193Ia 4500
003 GCL
008 140319s9999 xx 000 0 ara d
040 _aGCL /
_cGCL
082 0 4 _a333.1
_bر د
100 1 _aرفعت لقوشة
245 1 0 _aدراسات فى اقتصاديات الزراعة والتنمية الريفية /
_cرفعت لقوشة
260 _a[S.N] :
_bالمكتبة الاكاديمية ،
_c1993
300 _a219
490 _a
650 0 4 _aالزراعة
650 0 4 _aالتنمية الريفية
650 0 4 _aالتنمية الزراعية
942 _2ddc
_cBK
999 _c53064
_d53064